Organizacion Via Vinculacion. Una Experiencia de Cambio en la Educacion Agropecuaria de la UABC (Record no. 73810)

MARC details
000 -CABECERA
campo de control de longitud fija 00563nam a2200181 a 4500
005 - FECHA Y HORA DE LA ÚLTIMA TRANSACCIÓN
campo de control 20210223123957.0
008 - ELEMENTOS DE LONGITUD FIJA--INFORMACIÓN GENERAL
campo de control de longitud fija 991125n 000 0 spa u
035 ## - NÚMERO DE CONTROL DEL SISTEMA
Número de control de sistema UPN01000090885
100 1# - ASIENTO PRINCIPAL--NOMBRE PERSONAL
Nombre de persona Mungaray Lagarda, Alejandro
9 (RLIN) 29565
222 ## - TÍTULO CLAVE
Título clave REVISTA DE LA EDUCACION SUPERIOR
245 ## - MENCIÓN DE TÍTULO
Título Organizacion Via Vinculacion. Una Experiencia de Cambio en la Educacion Agropecuaria de la UABC
300 ## - DESCRIPCIÓN FÍSICA
Extensión 41-70
362 ## - FECHAS DE PUBLICACIÓN Y/O DESIGNACIÓN SECUENCIAL
Fecha de publicación y/o designación secuencial 1992 Vol.21(4), No.84
700 ## - ASIENTO SECUNDARIO--NOMBRE DE PERSONAL
Nombre de persona Medina C., Salvador
700 ## - ASIENTO SECUNDARIO--NOMBRE DE PERSONAL
Nombre de persona Montano G., Martin
904 ## - ELEMENTOS DE DATOS D LOCAL, LDD (RLIN)
a AC
b 028696
905 ## - TIPO DE MATERIAL
Tipo de material Articulo

No items available.